[Event "URU-ch"]
[Site "Montevideo"]
[Date "2012.03.09"]
[Round "1"]
[White "Larrea, Manuel"]
[Black "Rodriguez Vila, Andres"]
[Result "0-1"]
[WhiteElo "2306"]
[BlackElo "2518"]
[PlyCount "90"]
[EventDate "2012.03.09"]
[EventType "tourn"]
[EventRounds "11"]
[EventCountry "URU"]
[SourceTitle "CBM 147 Extra"]
[Source "ChessBase"]
[SourceDate "2012.04.24"]
[SourceVersion "1"]
[SourceVersionDate "2012.04.24"]
[SourceQuality "1"]

1. d4 Nf6 2. Nf3 c5 3. d5 e6 4. Nc3 exd5 5. Nxd5 Nxd5 6. Qxd5 Nc6 7. Bg5 Be7 8.
O-O-O Nb4 9. Bxe7 Qxe7 10. Qb3 d6 11. e4 O-O 12. Bc4 Qxe4 13. Bxf7+ Kh8 14. a3
Qf4+ 15. Rd2 Nxc2 16. Bd5 Bf5 17. g3 Qh6 18. g4 Na1 19. Qc3 Bxg4 20. Rg1 Bxf3
21. Bxf3 Rae8 22. Kb1 Nb3 23. Rxd6 Rxf3 24. Qxf3 Qxd6 25. Qxb3 Qxh2 26. Rg5
Qxf2 27. Qxb7 Qd4 28. Qf7 Rb8 29. Rg2 a5 30. Ka2 h6 31. Re2 a4 32. Rg2 Rd8 33.
Rc2 Rd5 34. Qe8+ Kh7 35. Qb5 Qe4 36. Rc4 Rd4 37. Rc1 Qd5+ 38. Kb1 h5 39. Qxc5
Qxc5 40. Rxc5 h4 41. b4 axb3 42. Kb2 Kh6 43. Kxb3 g5 44. a4 h3 45. a5 h2 0-1

[Event "URU-ch"]
[Site "Montevideo"]
[Date "2012.03.10"]
[Round "2"]
[White "Izquierdo, Daniel"]
[Black "Rodriguez Vila, Andres"]
[Result "0-1"]
[WhiteElo "2261"]
[BlackElo "2518"]
[PlyCount "62"]
[EventDate "2012.03.09"]
[EventType "tourn"]
[EventRounds "11"]
[EventCountry "URU"]
[SourceTitle "CBM 147 Extra"]
[Source "ChessBase"]
[SourceDate "2012.04.24"]
[SourceVersion "1"]
[SourceVersionDate "2012.04.24"]
[SourceQuality "1"]

1. d4 f5 2. Nc3 e6 3. Bf4 d5 4. Nf3 Bd6 5. e3 Nf6 6. Bd3 Ne4 7. Ne2 O-O 8. O-O
g5 9. Bxd6 cxd6 10. c4 dxc4 11. Bxc4 Rf6 12. Nc3 Rh6 13. Nxe4 fxe4 14. Nd2 d5
15. Bb3 Qc7 16. f4 exf3 17. Nxf3 Nc6 18. Rc1 Qg7 19. Qe1 g4 20. Nh4 Bd7 21. Qg3
Qg5 22. Rf4 Rxh4 23. Rcf1 Ne7 24. Rf7 Bb5 25. R1f4 Bd3 26. e4 Bxe4 27. Rxe4
Kxf7 28. Re1 Rc8 29. Rf1+ Kg7 30. Qd6 Rh6 31. Qd7 g3 0-1

[Event "URU-ch"]
[Site "Montevideo"]
[Date "2012.03.12"]
[Round "4"]
[White "Ulaneo, Nicolas"]
[Black "Rodriguez Vila, Andres"]
[Result "0-1"]
[WhiteElo "2146"]
[BlackElo "2518"]
[PlyCount "100"]
[EventDate "2012.03.09"]
[EventType "tourn"]
[EventRounds "11"]
[EventCountry "URU"]
[SourceTitle "CBM 147 Extra"]
[Source "ChessBase"]
[SourceDate "2012.04.24"]
[SourceVersion "1"]
[SourceVersionDate "2012.04.24"]
[SourceQuality "1"]

1. d4 f5 2. Nf3 Nf6 3. g3 g6 4. Bg2 Bg7 5. O-O O-O 6. b3 c6 7. Bb2 Na6 8. c4 d6
9. Nbd2 h6 10. Qc2 g5 11. a3 Nc7 12. Rfe1 Kh8 13. b4 Bd7 14. a4 Rc8 15. b5 Qe8
16. Nb3 Qf7 17. Nfd2 f4 18. e4 Ng4 19. Nf3 cxb5 20. axb5 Nxb5 21. d5 Ne5 22.
Nxe5 dxe5 23. Rec1 Nd6 24. c5 a6 25. Re1 Bb5 26. Bf1 Bxf1 27. Rxf1 Qh5 28. Rfe1
g4 29. Qe2 Nf7 30. h4 Bf6 31. Rec1 Rg8 32. Kf1 Ng5 33. Ke1 Nf3+ 34. Kd1 Rgd8
35. Nd2 Nd4 36. Bxd4 exd4 37. c6 d3 38. Qxd3 Bxa1 39. Rxa1 Qe5 40. Rc1 bxc6 41.
Qxa6 fxg3 42. fxg3 Qxg3 43. Rxc6 Rxc6 44. Qxc6 Qxh4 45. Qc7 Rg8 46. Qe5+ Qf6
47. Qg3 h5 48. e5 Qf5 49. d6 exd6 50. exd6 Qf6 0-1

[Event "URU-ch"]
[Site "Montevideo"]
[Date "2012.03.12"]
[Round "5"]
[White "Rodriguez Vila, Andres"]
[Black "Michailov, Matias"]
[Result "1-0"]
[WhiteElo "2518"]
[BlackElo "2134"]
[PlyCount "79"]
[EventDate "2012.03.09"]
[EventType "tourn"]
[EventRounds "11"]
[EventCountry "URU"]
[SourceTitle "CBM 147 Extra"]
[Source "ChessBase"]
[SourceDate "2012.04.24"]
[SourceVersion "1"]
[SourceVersionDate "2012.04.24"]
[SourceQuality "1"]

1. e4 e6 2. d4 d5 3. Nd2 Nf6 4. e5 Nfd7 5. Bd3 c5 6. c3 Nc6 7. Ndf3 cxd4 8.
cxd4 Nb6 9. Ne2 Be7 10. h4 Bd7 11. g4 a5 12. Ng3 Nb4 13. Bb1 Bb5 14. Nh5 Kd7
15. g5 Rc8 16. a3 Ba4 17. Qd2 Rc2 18. Bxc2 Nxc2+ 19. Kf1 Nxa1 20. Nxg7 Nb3 21.
Qf4 Nxc1 22. Qxc1 Qg8 23. Nh5 Qg6 24. Nf6+ Bxf6 25. exf6 Qd3+ 26. Kg2 Qe4 27.
Kg3 Rc8 28. Ne5+ Ke8 29. g6 fxg6 30. f7+ Ke7 31. Qg5+ Kd6 32. Rc1 Bc2 33. Qh6
Ke7 34. Qxh7 Rf8 35. Rxc2 Qxc2 36. Qg7 Qc7 37. Kg4 Nd7 38. Nxg6+ Kd6 39. Nxf8
Qc1 40. Nxd7 1-0

[Event "URU-ch"]
[Site "Montevideo"]
[Date "2012.03.13"]
[Round "6"]
[White "Colombo, Camila"]
[Black "Rodriguez Vila, Andres"]
[Result "0-1"]
[WhiteElo "2102"]
[BlackElo "2518"]
[PlyCount "58"]
[EventDate "2012.03.09"]
[EventType "tourn"]
[EventRounds "11"]
[EventCountry "URU"]
[SourceTitle "CBM 147 Extra"]
[Source "ChessBase"]
[SourceDate "2012.04.24"]
[SourceVersion "1"]
[SourceVersionDate "2012.04.24"]
[SourceQuality "1"]

1. d4 d6 2. c4 f5 3. g3 Nf6 4. Bg2 g6 5. Nh3 Bg7 6. Nf4 O-O 7. d5 c5 8. h4 Na6
9. Nd2 Nc7 10. a4 Ng4 11. Nf3 Ne5 12. h5 Nxf3+ 13. Bxf3 g5 14. h6 Bf6 15. Nh5
Rb8 16. Qc2 b5 17. axb5 a6 18. g4 axb5 19. gxf5 Bxf5 20. Nxf6+ Rxf6 21. e4 Bg6
22. Bg4 bxc4 23. Bxg5 Qf8 24. Rg1 Nb5 25. Bxf6 Qxf6 26. Qxc4 Nd4 27. Qc3 Qf4
28. f3 Qh2 29. Be6+ Kf8 0-1

[Event "URU-ch"]
[Site "Montevideo"]
[Date "2012.03.14"]
[Round "7"]
[White "Rodriguez Vila, Andres"]
[Black "Oddone, Cristhian"]
[Result "1-0"]
[WhiteElo "2518"]
[BlackElo "2229"]
[PlyCount "47"]
[EventDate "2012.03.09"]
[EventType "tourn"]
[EventRounds "11"]
[EventCountry "URU"]
[SourceTitle "CBM 147 Extra"]
[Source "ChessBase"]
[SourceDate "2012.04.24"]
[SourceVersion "1"]
[SourceVersionDate "2012.04.24"]
[SourceQuality "1"]

1. e4 c6 2. d4 g6 3. c4 d5 4. cxd5 cxd5 5. e5 Nc6 6. Nc3 Bg7 7. Bf4 f6 8. Nf3
Bg4 9. Bb5 Nh6 10. h3 Bxf3 11. Qxf3 e6 12. exf6 Qxf6 13. Qe3 O-O 14. Bxh6 Bxh6
15. Qxh6 Qxf2+ 16. Kd1 Qxg2 17. Re1 Qxb2 18. Rc1 Nxd4 19. Bd3 Rf6 20. Nxd5 exd5
21. Re7 Nf5 22. Qxh7+ Kf8 23. Re2 Qd4 24. Qh8+ 1-0

[Event "URU-ch"]
[Site "Montevideo"]
[Date "2012.03.15"]
[Round "8"]
[White "Roselli Mailhe, Bernardo"]
[Black "Rodriguez Vila, Andres"]
[Result "1/2-1/2"]
[WhiteElo "2423"]
[BlackElo "2518"]
[PlyCount "100"]
[EventDate "2012.03.09"]
[EventType "tourn"]
[EventRounds "11"]
[EventCountry "URU"]
[SourceTitle "CBM 147 Extra"]
[Source "ChessBase"]
[SourceDate "2012.04.24"]
[SourceVersion "1"]
[SourceVersionDate "2012.04.24"]
[SourceQuality "1"]

1. d4 Nf6 2. c4 e6 3. Nc3 c5 4. d5 exd5 5. cxd5 Bd6 6. Nf3 Bc7 7. g3 d6 8. Bg2
O-O 9. O-O a6 10. a4 Re8 11. Nd2 Nbd7 12. h3 Rb8 13. b3 b5 14. axb5 axb5 15.
Bb2 b4 16. Ncb1 Nb6 17. e4 Bd7 18. Re1 Bb5 19. Bf1 Bxf1 20. Kxf1 Qc8 21. Kg2
Bd8 22. Re3 Nfd7 23. Qe2 Bg5 24. Qg4 Bf6 25. Bxf6 Nxf6 26. Qe2 Ra8 27. Rxa8
Qxa8 28. Nf3 h6 29. Nbd2 g5 30. Nc4 Nxc4 31. Qxc4 Re7 32. Re2 Nd7 33. Re3 Qa1
34. Qb5 Qf6 35. Qa6 Kg7 36. Qc8 Ne5 37. Nxe5 Qxe5 38. Qg4 f5 39. exf5 Qxd5+ 40.
Rf3 Kh7 41. h4 Re4 42. Qh5 g4 43. Qg6+ Kh8 44. f6 gxf3+ 45. Kh2 Rxh4+ 46. gxh4
Qe5+ 47. Kh3 Qe6+ 48. Kh2 Qe5+ 49. Kh3 Qe6+ 50. Kh2 Qe5+ 1/2-1/2

[Event "URU-ch"]
[Site "Montevideo"]
[Date "2012.03.16"]
[Round "9"]
[White "Rodriguez Vila, Andres"]
[Black "Granara Barreto, Sebastian A"]
[Result "1-0"]
[WhiteElo "2518"]
[BlackElo "2156"]
[PlyCount "41"]
[EventDate "2012.03.09"]
[EventType "tourn"]
[EventRounds "11"]
[EventCountry "URU"]
[SourceTitle "CBM 147 Extra"]
[Source "ChessBase"]
[SourceDate "2012.04.24"]
[SourceVersion "1"]
[SourceVersionDate "2012.04.24"]
[SourceQuality "1"]

1. f4 e5 2. fxe5 d6 3. exd6 Bxd6 4. Nf3 g5 5. g3 g4 6. Nh4 Ne7 7. d4 Ng6 8.
Nxg6 hxg6 9. Qd3 Nc6 10. c3 Bf5 11. e4 Qe7 12. Bg2 O-O-O 13. Be3 Rde8 14. Nd2
Rh5 15. O-O-O Be6 16. d5 Ne5 17. Qe2 Bxd5 18. exd5 Nf3 19. Qc4 Nxd2 20. Bxd2
Qe2 21. Qa4 1-0

[Event "URU-ch"]
[Site "Montevideo"]
[Date "2012.03.17"]
[Round "10"]
[White "Carvalho, Guillermo"]
[Black "Rodriguez Vila, Andres"]
[Result "0-1"]
[WhiteElo "2237"]
[BlackElo "2518"]
[PlyCount "106"]
[EventDate "2012.03.09"]
[EventType "tourn"]
[EventRounds "11"]
[EventCountry "URU"]
[SourceTitle "CBM 147 Extra"]
[Source "ChessBase"]
[SourceDate "2012.04.24"]
[SourceVersion "1"]
[SourceVersionDate "2012.04.24"]
[SourceQuality "1"]

1. c4 g6 2. Nc3 Bg7 3. g3 d6 4. Bg2 e5 5. e3 Nc6 6. Nge2 Nh6 7. O-O O-O 8. d4
Bd7 9. d5 Ne7 10. b4 a5 11. Ba3 f5 12. f4 Ng4 13. Qd2 exf4 14. exf4 axb4 15.
Bxb4 c5 16. dxc6 Qb6+ 17. c5 Qxb4 18. cxd7 Qxc5+ 19. Kh1 Ne3 20. Rfe1 Nxg2 21.
Kxg2 Rfd8 22. Rab1 Rxd7 23. Nb5 Qd5+ 24. Qxd5+ Nxd5 25. a3 Ne3+ 26. Kf2 Nc2 27.
Rec1 Nxa3 28. Nxa3 Rxa3 29. Rc8+ Kf7 30. Rb8 Ra7 31. Rb3 Re7 32. Kf3 Ra2 33.
Re3 Rxe3+ 34. Kxe3 Ra3+ 35. Kd2 Rb3 36. Kc2 Rb4 37. Kd3 Ke6 38. Re8+ Kd7 39.
Rg8 Bf6 40. Rf8 Ke7 41. Rb8 h6 42. h4 b5 43. Rg8 Kf7 44. Rb8 Rb3+ 45. Kc2 Rb2+
46. Kd3 b4 47. Rb6 Ke6 48. Rb5 h5 49. Rb8 b3 50. Re8+ Kd7 51. Rb8 Rb1 52. Nc3
Bxc3 53. Kxc3 Rg1 0-1

[Event "Iberoamerican-ch GpA 4th"]
[Site "Quito"]
[Date "2012.04.14"]
[Round "1"]
[White "Rodriguez Vila, Andres"]
[Black "Macias Murillo, Bryan"]
[Result "0-1"]
[WhiteElo "2518"]
[BlackElo "2382"]
[PlyCount "124"]
[EventDate "2012.04.14"]
[EventType "tourn"]
[EventRounds "5"]
[EventCountry "ECU"]
[EventCategory "9"]
[SourceTitle "CBM 148 Extra"]
[Source "ChessBase"]
[SourceDate "2012.06.22"]
[SourceVersion "1"]
[SourceVersionDate "2012.06.22"]
[SourceQuality "1"]

1. e4 c5 2. Nf3 e6 3. c3 d5 4. e5 d4 5. cxd4 cxd4 6. b4 Ne7 7. Qa4+ Bd7 8. b5
Na6 9. Ba3 Rc8 10. Nxd4 Nc5 11. Bxc5 Rxc5 12. Be2 Rc1+ 13. Bd1 Qc7 14. Ne2 Rc5
15. Na3 Rxe5 16. O-O a6 17. Rc1 Rc5 18. Rxc5 Qxc5 19. d4 axb5 20. Qa5 Qc6 21.
Bb3 Nc8 22. d5 Qa6 23. Qc3 b4 24. Qf3 bxa3 25. dxe6 Bxe6 26. Bxe6 Qxe6 27. Nd4
Qd7 28. Nf5 g6 29. Re1+ Be7 30. Nh6 Rf8 31. Ng4 f6 32. h3 Qc6 33. Qb3 Kd7 34.
Ne3 Nb6 35. Nc2 Bc5 36. Nxa3 Bxa3 37. Qxa3 Re8 38. Rc1 Qd6 39. Qa7 Rb8 40. a4
Nd5 41. Rd1 Ke6 42. a5 Qc7 43. Rb1 b6 44. Qa6 Kf7 45. Qd3 Rd8 46. a6 Nc3 47.
Qc2 Qc4 48. Kh1 b5 49. Ra1 Ne4 50. Qb2 Qc5 51. a7 Nxf2+ 52. Kh2 Ra8 53. Qa2+
Kg7 54. Qa6 Qc7+ 55. Kg1 Ne4 56. Kh1 b4 57. Qa4 Ng3+ 58. Kh2 Nf5+ 59. Kh1 b3
60. Qa3 b2 61. Qxb2 Rxa7 62. Rc1 Qe5 0-1

[Event "Iberoamerican-ch GpA 4th"]
[Site "Quito"]
[Date "2012.04.15"]
[Round "2"]
[White "Rodriguez Vila, Andres"]
[Black "Prasca Sosa, Raphael Felipe"]
[Result "1-0"]
[WhiteElo "2518"]
[BlackElo "2420"]
[PlyCount "81"]
[EventDate "2012.04.14"]
[EventType "tourn"]
[EventRounds "5"]
[EventCountry "ECU"]
[EventCategory "9"]
[SourceTitle "CBM 148 Extra"]
[Source "ChessBase"]
[SourceDate "2012.06.22"]
[SourceVersion "1"]
[SourceVersionDate "2012.06.22"]
[SourceQuality "1"]

1. e4 c5 2. Nc3 a6 3. g3 b5 4. Bg2 Bb7 5. d3 e6 6. f4 d5 7. Qe2 Be7 8. Nf3 d4
9. Nd1 Nc6 10. Nf2 Nf6 11. O-O Nd7 12. e5 Nb6 13. Ne4 Qd7 14. Nfg5 h6 15. Qh5
g6 16. Qh3 Nb4 17. Rf2 N4d5 18. g4 Ne3 19. Bxe3 dxe3 20. Re2 Kf8 21. Rf1 Kg7
22. Nxf7 Kxf7 23. f5 Bxe4 24. Bxe4 Raf8 25. fxe6+ Kxe6 26. Bxg6 Bg5 27. Bf5+
Rxf5 28. Rxf5 Nd5 29. Qf3 Qg7 30. c4 bxc4 31. dxc4 Ne7 32. h4 Bxh4 33. Rxe3 Rd8
34. Rf6+ Kd7 35. Rd3+ Kc7 36. Rxd8 Kxd8 37. Qa8+ Kc7 38. Qa7+ Kd8 39. Qb8+ Nc8
40. Rd6+ Ke7 41. Qc7+ 1-0

[Event "Iberoamerican-ch GpA 4th"]
[Site "Quito"]
[Date "2012.04.16"]
[Round "4"]
[White "Rodriguez Vila, Andres"]
[Black "Felgaer, Ruben Alejandro"]
[Result "1-0"]
[WhiteElo "2518"]
[BlackElo "2564"]
[PlyCount "121"]
[EventDate "2012.04.14"]
[EventType "tourn"]
[EventRounds "5"]
[EventCountry "ECU"]
[EventCategory "9"]
[SourceTitle "CBM 148 Extra"]
[Source "ChessBase"]
[SourceDate "2012.06.22"]
[SourceVersion "1"]
[SourceVersionDate "2012.06.22"]
[SourceQuality "1"]

1. e4 c5 2. Nf3 d6 3. d4 cxd4 4. Nxd4 Nf6 5. f3 g6 6. c4 Nc6 7. Be3 Bg7 8. Nc3
O-O 9. Qd2 Nxd4 10. Bxd4 Be6 11. Nd5 Bxd5 12. exd5 a5 13. Be2 Nd7 14. Bf2 Nc5
15. O-O Qb6 16. Rab1 Rfe8 17. Rfd1 Qb4 18. Qc2 a4 19. Kh1 e6 20. Bf1 exd5 21.
Rxd5 Re6 22. Qd2 Qxd2 23. Rxd2 Ra6 24. g3 Rb6 25. Rc2 Rb4 26. Kg2 Kf8 27. h4 h5
28. Be2 Ke7 29. Kf1 Kd7 30. Be1 Rb6 31. g4 Be5 32. gxh5 gxh5 33. Bf2 Kc7 34.
Rd2 Rf6 35. Rd5 Rxb2 36. Rxb2 Bxb2 37. Bxc5 dxc5 38. Rxc5+ Kb8 39. Rxh5 Rf4 40.
Rb5 Bc3 41. h5 Rh4 42. Bd3 Rh2 43. Be4 Rb2 44. h6 Rxb5 45. cxb5 b6 46. Ke2 Kc7
47. Kd3 Bb2 48. Bd5 f5 49. Be6 Kd6 50. Bxf5 Ke5 51. Be4 Kf6 52. Kc4 Bc1 53. h7
Kg7 54. Kd5 a3 55. Kc6 Be3 56. f4 Bd4 57. Bd3 Be3 58. Bg6 Bd4 59. f5 Kh6 60.
h8=Q+ Bxh8 61. Kxb6 1-0

[Event "Iberoamerican-ch GpA 4th"]
[Site "Quito"]
[Date "2012.04.17"]
[Round "5"]
[White "Almedina Ortiz, Edgardo J"]
[Black "Rodriguez Vila, Andres"]
[Result "0-1"]
[WhiteElo "2247"]
[BlackElo "2518"]
[PlyCount "80"]
[EventDate "2012.04.14"]
[EventType "tourn"]
[EventRounds "5"]
[EventCountry "ECU"]
[EventCategory "9"]
[SourceTitle "CBM 148 Extra"]
[Source "ChessBase"]
[SourceDate "2012.06.22"]
[SourceVersion "1"]
[SourceVersionDate "2012.06.22"]
[SourceQuality "1"]

1. e4 e6 2. d4 d5 3. Nd2 Nf6 4. e5 Nfd7 5. Ndf3 c5 6. c3 Nc6 7. Bd3 Qa5 8. Kf1
b5 9. Ne2 b4 10. Kg1 Ba6 11. h4 Rc8 12. Rh3 b3 13. a3 cxd4 14. cxd4 Nb4 15.
Bxa6 Qxa6 16. Nd2 Nb6 17. Nxb3 Nc6 18. Nf4 Qa4 19. Qd3 Qc4 20. Bd2 Qxd3 21.
Nxd3 Be7 22. Rg3 Nc4 23. Bb4 Bxh4 24. Rxg7 h5 25. Nf4 a5 26. Bc5 a4 27. Nc1
N6xe5 28. Ncd3 Nd7 29. Bb4 Bf6 30. Rg3 Bxd4 31. Re1 Nde5 32. Nxe5 Bxe5 33. Nxd5
Bxg3 34. fxg3 Rh6 35. Re4 Nxb2 36. Ne7 Rc1+ 37. Kh2 Nd3 38. Bd2 Rd1 39. Re2 Rf6
40. Nd5 Rf2 0-1

[Event "Iberoamerican-ch fin-B 4th"]
[Site "Quito"]
[Date "2012.04.19"]
[Round "1"]
[White "Rodriguez Vila, Andres"]
[Black "Matamoros Franco, Carlos S"]
[Result "0-1"]
[WhiteElo "2518"]
[BlackElo "2548"]
[PlyCount "108"]
[EventDate "2012.04.19"]
[EventType "tourn"]
[EventRounds "5"]
[EventCountry "ECU"]
[EventCategory "10"]
[SourceTitle "CBM 148 Extra"]
[Source "ChessBase"]
[SourceDate "2012.06.22"]
[SourceVersion "1"]
[SourceVersionDate "2012.06.22"]
[SourceQuality "1"]

1. e4 e5 2. Nf3 Nc6 3. d4 exd4 4. Nxd4 g6 5. Nxc6 bxc6 6. Bd3 Bg7 7. O-O Ne7 8.
Nd2 O-O 9. Rb1 f5 10. b3 d5 11. exd5 Nxd5 12. Nf3 f4 13. Bc4 Kh8 14. Bb2 Bxb2
15. Rxb2 Qf6 16. Qd4 Bf5 17. Qxf6+ Rxf6 18. Nd4 Re8 19. b4 Re4 20. Bxd5 Rxd4
21. Bf3 Rd2 22. Re1 Kg7 23. h4 Rxc2 24. Rxc2 Bxc2 25. Rc1 Ba4 26. Rc3 Bb5 27.
Ra3 a6 28. Ra5 Rf5 29. a4 Bd3 30. Rxf5 gxf5 31. Bxc6 Kf6 32. f3 Ke7 33. Kf2 Bc2
34. a5 Kd6 35. Bb7 Bd3 36. g4 fxg3+ 37. Kxg3 c5 38. bxc5+ Kxc5 39. Kf4 Kb4 40.
h5 Kxa5 41. Ke3 Bb5 42. h6 Be8 43. Kf4 Bg6 44. Bc8 Kb5 45. Bxf5 Bxf5 46. Kxf5
a5 47. Ke4 Kc4 48. Ke3 Kd5 49. Kd3 Ke5 50. Kc4 Kf5 51. Kb5 Kg5 52. Kxa5 Kxh6
53. Kb4 Kg5 54. Kc3 Kf4 0-1

[Event "Iberoamerican-ch fin-B 4th"]
[Site "Quito"]
[Date "2012.04.19"]
[Round "2"]
[White "Rodriguez Vila, Andres"]
[Black "Macias Murillo, Bryan"]
[Result "1-0"]
[WhiteElo "2518"]
[BlackElo "2382"]
[PlyCount "135"]
[EventDate "2012.04.19"]
[EventType "tourn"]
[EventRounds "5"]
[EventCountry "ECU"]
[EventCategory "10"]
[SourceTitle "CBM 148 Extra"]
[Source "ChessBase"]
[SourceDate "2012.06.22"]
[SourceVersion "1"]
[SourceVersionDate "2012.06.22"]
[SourceQuality "1"]

1. e4 c5 2. Nf3 e6 3. Qe2 Nc6 4. c3 d5 5. d3 Nge7 6. Na3 b6 7. h4 Ba6 8. e5 b5
9. Nc2 d4 10. cxd4 cxd4 11. h5 Qb6 12. h6 Ng6 13. g3 Bb7 14. Rh5 O-O-O 15. Bg2
Rd5 16. Kf1 gxh6 17. Bxh6 f5 18. Bxf8 Nxf8 19. g4 Rg8 20. gxf5 exf5 21. Rxf5
Ng6 22. Re1 Ncxe5 23. Bh3 Nd7 24. Rxd5 Bxd5 25. Nb4 Bb7 26. Rc1+ Kd8 27. Ng5
Nge5 28. Ne6+ Ke7 29. f4 Rg3 30. Qh5 Rf3+ 31. Kg1 Rxh3 32. Qxh3 Nf3+ 33. Kf2
Qxe6 34. Nc6+ Qxc6 35. Qxh7+ Kd8 36. Rxc6 Bxc6 37. b4 Kc7 38. Qe7 Bd5 39. Kg3
Bc6 40. Qf7 Ne1 41. Qb3 Ng2 42. Kg4 Nf6+ 43. Kg5 Nh7+ 44. Kh6 Nf6 45. Qe6 Ne3
46. Qe5+ Kb7 47. Kg6 Be8+ 48. Kg5 Ned5 49. Qxd4 a6 50. Kf5 Bc6 51. Ke5 Ne8 52.
f5 Nef6 53. a3 Ne8 54. Qg4 Nef6 55. Qg7+ Kb6 56. d4 Ne8 57. Qf7 Nef6 58. Qg7
Ne8 59. Qf8 Nef6 60. Qb8+ Bb7 61. Qd8+ Ka7 62. Ke6 Bc6 63. Qxf6 Nxf6 64. Kxf6
Kb7 65. Ke6 Be8 66. f6 Kc6 67. d5+ Kc7 68. Ke7 1-0

[Event "Sao Bernardo do Campo 1st"]
[Site "Sao Bernardo do Campo"]
[Date "2012.07.03"]
[Round "1"]
[White "Rodi, Luis Ernesto"]
[Black "Rodriguez Vila, Andres"]
[Result "1/2-1/2"]
[WhiteElo "2363"]
[BlackElo "2535"]
[PlyCount "156"]
[EventDate "2012.07.03"]
[EventType "tourn"]
[EventRounds "9"]
[EventCountry "BRA"]
[EventCategory "2"]
[SourceTitle "CBM 149 Extra"]
[Source "ChessBase"]
[SourceDate "2012.08.24"]
[SourceVersion "1"]
[SourceVersionDate "2012.08.24"]
[SourceQuality "1"]

1. e4 e6 2. d4 d5 3. Nd2 Nf6 4. e5 Nfd7 5. Bd3 c5 6. c3 Nc6 7. Ndf3 cxd4 8.
cxd4 Nb6 9. Nh3 Bd7 10. O-O Rc8 11. Bg5 Be7 12. Rc1 h6 13. Bxe7 Qxe7 14. Nf4
Qb4 15. Bb1 Qxb2 16. Nh5 g6 17. Nf6+ Kd8 18. Rc2 Qb4 19. Qd3 Kc7 20. Rc5 Kb8
21. Bc2 Qb2 22. Rb1 Qxa2 23. Qc3 Nxd4 24. Nxd4 Ba4 25. Bd3 Rxc5 26. Qxc5 Qd2
27. Bf1 Rc8 28. Qd6+ Ka8 29. Nf3 Qc2 30. Re1 Qc5 31. h4 Rc6 32. Qxc5 Rxc5 33.
g4 Rc8 34. Nd4 a6 35. f4 Nd7 36. Ra1 Nxf6 37. exf6 Be8 38. Nf3 Ka7 39. Ne5 b5
40. Be2 Kb6 41. h5 gxh5 42. g5 hxg5 43. fxg5 d4 44. Bxh5 Rc5 45. Re1 d3 46. Kf2
d2 47. Re3 Rd5 48. Bd1 a5 49. Ke2 a4 50. g6 fxg6 51. f7 Bxf7 52. Nxf7 Kc5 53.
Rxe6 a3 54. Ra6 Kb4 55. Rxg6 Rd7 56. Nh6 Ra7 57. Rg4+ Kc5 58. Rg5+ Kb4 59. Rg4+
Kc5 60. Rg5+ Kb6 61. Bb3 a2 62. Bxa2 Rxa2 63. Nf5 Ra8 64. Kxd2 Rd8+ 65. Kc2 Ka5
66. Ne3 Rf8 67. Kb2 Rf3 68. Nc2 Rd3 69. Rg8 Rh3 70. Rb8 Rh2 71. Kb3 Rh3+ 72.
Kb2 Rh2 73. Re8 Rh3 74. Nd4 Rh2+ 75. Nc2 Rh3 76. Rb8 Rh2 77. Kb3 Rh3+ 78. Kb2
Rh2 1/2-1/2

[Event "Sao Bernardo do Campo 1st"]
[Site "Sao Bernardo do Campo"]
[Date "2012.07.03"]
[Round "2"]
[White "Rodriguez Vila, Andres"]
[Black "Zampronha, Wladimir Camilo"]
[Result "1-0"]
[WhiteElo "2535"]
[BlackElo "2207"]
[PlyCount "109"]
[EventDate "2012.07.03"]
[EventType "tourn"]
[EventRounds "9"]
[EventCountry "BRA"]
[EventCategory "2"]
[SourceTitle "CBM 149 Extra"]
[Source "ChessBase"]
[SourceDate "2012.08.24"]
[SourceVersion "1"]
[SourceVersionDate "2012.08.24"]
[SourceQuality "1"]

1. e4 c6 2. d4 d5 3. e5 Bf5 4. Nd2 e6 5. Ngf3 Ne7 6. Nb3 Nd7 7. Be2 Rc8 8. O-O
h6 9. c3 a6 10. a4 Bg4 11. h3 Bxf3 12. Bxf3 Qc7 13. Bg4 g6 14. h4 h5 15. Bh3 c5
16. Bg5 Bh6 17. Bxh6 Rxh6 18. Qd2 Rh8 19. Rfe1 Qb6 20. Nxc5 Nxc5 21. dxc5 Rxc5
22. g3 Rc4 23. Bf1 Rg4 24. Kh2 g5 25. a5 Qa7 26. hxg5 Rg8 27. Bh3 R4xg5 28. Re3
Nf5 29. Rf3 Nh6 30. Qf4 Qb8 31. Qa4+ Ke7 32. Re1 Qc7 33. Kg2 Kd8 34. Rf6 Ng4
35. Bxg4 Rxg4 36. Rf4 f5 37. Rxg4 Rxg4 38. Qa3 Ke8 39. f3 Rc4 40. Kh3 Rc5 41.
Qa4+ Qd7 42. Qh4 Qf7 43. Ra1 Rc4 44. Qg5 Kd7 45. Kg2 f4 46. Rh1 fxg3 47. Rxh5
Qf4 48. Rh7+ Kc6 49. Qxf4 Rxf4 50. Re7 Ra4 51. Rxe6+ Kc7 52. Re7+ Kc6 53. e6
Rxa5 54. Rxb7 d4 55. cxd4 1-0

[Event "Sao Bernardo do Campo 1st"]
[Site "Sao Bernardo do Campo"]
[Date "2012.07.04"]
[Round "3"]
[White "Blit, Jacques"]
[Black "Rodriguez Vila, Andres"]
[Result "0-1"]
[WhiteElo "2278"]
[BlackElo "2535"]
[PlyCount "70"]
[EventDate "2012.07.03"]
[EventType "tourn"]
[EventRounds "9"]
[EventCountry "BRA"]
[EventCategory "2"]
[SourceTitle "CBM 149 Extra"]
[Source "ChessBase"]
[SourceDate "2012.08.24"]
[SourceVersion "1"]
[SourceVersionDate "2012.08.24"]
[SourceQuality "1"]

1. Nf3 e6 2. d4 Nf6 3. g3 c5 4. Bg2 cxd4 5. O-O d5 6. Nxd4 e5 7. Nb3 Nc6 8. Bg5
Be6 9. Nc3 d4 10. Ne4 Be7 11. Bxf6 gxf6 12. Nec5 Bc8 13. c3 dxc3 14. Qxd8+ Kxd8
15. Rfd1+ Kc7 16. bxc3 a5 17. a4 b6 18. Nd3 Be6 19. c4 Rac8 20. Rab1 Rhd8 21.
c5 Nb4 22. Nxb4 Rxd1+ 23. Rxd1 axb4 24. cxb6+ Kxb6 25. Bd5 Rc3 26. Bxe6 fxe6
27. Rd7 Rxb3 28. Rxe7 Rb1+ 29. Kg2 b3 30. Rxe6+ Ka5 31. Rxf6 b2 32. Rf8 Ra1 33.
f4 b1=Q 34. Ra8+ Kb4 35. Rb8+ Kc5 0-1

[Event "Sao Bernardo do Campo 1st"]
[Site "Sao Bernardo do Campo"]
[Date "2012.07.04"]
[Round "4"]
[White "Barreto Filho, Carlos Alberto"]
[Black "Rodriguez Vila, Andres"]
[Result "0-1"]
[WhiteElo "2325"]
[BlackElo "2535"]
[PlyCount "70"]
[EventDate "2012.07.03"]
[EventType "tourn"]
[EventRounds "9"]
[EventCountry "BRA"]
[EventCategory "2"]
[SourceTitle "CBM 149 Extra"]
[Source "ChessBase"]
[SourceDate "2012.08.24"]
[SourceVersion "1"]
[SourceVersionDate "2012.08.24"]
[SourceQuality "1"]

1. e4 e6 2. d4 d5 3. Nc3 Bb4 4. e5 c5 5. a3 Bxc3+ 6. bxc3 Nc6 7. Qg4 g6 8. Qd1
f6 9. f4 fxe5 10. dxe5 Nge7 11. Nf3 O-O 12. g4 Bd7 13. h4 Qa5 14. h5 g5 15. Bd3
gxf4 16. Bxh7+ Kxh7 17. Qd3+ Kh8 18. Ng5 Nf5 19. Bxf4 c4 20. Qd2 d4 21. gxf5
Rxf5 22. Rf1 Raf8 23. Ne4 Be8 24. Ng3 R5f7 25. Ne2 dxc3 26. Qe3 Ne7 27. Qh3 Nf5
28. h6 Rh7 29. Rg1 Qc5 30. Qxc3 Bh5 31. O-O-O Bxe2 32. Bg5 Bxd1 33. Bf6+ Rxf6
34. exf6 Qe3+ 35. Qxe3 Nxe3 0-1